000
00272nam a22001217a 4500
008
190311b xxu||||| |||| 00| 0 eng d
041
_a
eng
080
_a
043.3
100
_a
0
101
_a
ARK-BA
245
_a
Qendra Kulturore Mitrovice
_c
Muharremi, D
942
_2
udc
_c
BK
999
_c
54710
_d
54710